| 000 | 00995nam a2200277Ia 4500 | ||
|---|---|---|---|
| 003 | OSt | ||
| 005 | 20221005065052.0 | ||
| 006 | a|||||r|||| 00| 0 | ||
| 007 | ta | ||
| 008 | 221004b |||||||| |||| 00| 0 eng d | ||
| 020 |
_a0631236112 _c1482.91 |
||
| 024 | _a81565 | ||
| 037 |
_b10741, 30/03/2005, Govinda Book House _cTextual |
||
| 040 |
_aCRL _cCRL _beng |
||
| 041 |
_2eng _aeng |
||
| 082 | _aR3xN9:g | ||
| 100 | _aGracia Jorge J. E. Ed. | ||
| 245 | 0 |
_aClassics of Western philosophy _b A reader's guide edited by Jorge J. E. Gracia; Gregory M. Reichberg and Bernard N. Schumacher |
|
| 260 |
_aMaryland _bBlackwell Publishing House U. S. A. _c2004 |
||
| 300 |
_a614p. _ccm. |
||
| 650 | _aPHILOSOPHY | ||
| 700 | _a Reichberg Gregory M. Ed. | ||
| 700 |
_a Schumacher Bernard N. Ed. _9142750 |
||
| 942 |
_hR3xN9:g _cTEXL _2cc |
||
| 999 |
_c973999 _d973999 |
||